000 00546nam a22001577a 4500
082 _a621.312
_bSHA
100 _aShaarif, Muhammad(362269)
_9120032
245 _aOptimal Allocation of PV & Wind DG for Enhancing Distribution System Reliability Using Single and Multi-Objective Ant-Lion Optimizer /
264 _aIslamabad :
_bUSPCAS-E, NUST
_cNovember, 2023.
300 _axi, 54 p.
_e+CD
520 _a TH-542
650 _aMS EEP Thesis
650 _aMS Thesis
_918721
700 _aDr.Muhammad Yousif
942 _2ddc
_cTHE
999 _c607483
_d607483